000 00990nam a2200217 i 4500
001 165577
003 ES-MaACL
005 20250930063147.0
008 981019s1865 sp |||| | spa d
080 _a78
100 1 _aSoriano Fuertes, Mariano,
_d1817-1880
_9152764
245 1 0 _aMemoria sobre las sociedades corales en España, dedicada a la Real Academia Española de Arqueología y Geografía del Príncipe Alfonso /
_cpor el socio... Mariano Soriano Fuertes.
260 _aBarcelona :
_b[s.n.],
_c1865 (
_fEst. tip. de Narciso Ramírez y Rialp)
300 _a94 p. ;
_c25 cm.
500 _aDedicada a la Real Academia Española de Arqueología y Geografía del Príncipe Alfonso.
530 _aDisponible en formato digital.
650 4 _aMúsica coral-
_zEspaña.
_9136567
852 4 _aES-MaACL
_jT-67-F-7
_z- Enc. hol.
_z- Enc. en un vol. facticio
856 4 _uhttp://bdh-rd.bne.es/viewer.vm?id=0000047371&page=1
_zIr a la página
999 _c165577
_d165577